UBT Library

Physical Geogarphy A Landscape Appreciation (Record no. 49783)

000 -LEADER
fixed length control field 00285nam a22001217a 4500
008 - FIXED-LENGTH DATA ELEMENTS--GENERAL INFORMATION
fixed length control field 181015b xxu||||| |||| 00| 0 eng d
041 ## - LANGUAGE CODE
Language code of text/sound track or separate title eng
080 ## - UNIVERSAL DECIMAL CLASSIFICATION NUMBER
Universal Decimal Classification number 910
100 ## - Rafti
Rafti 42
101 ## - Shkurtesa
Shkurtesa GJE
245 ## - TITLE STATEMENT
Title Physical Geogarphy A Landscape Appreciation
Statement of responsibility, etc Tom.L.M
942 ## - ADDED ENTRY ELEMENTS (KOHA)
Source of classification or shelving scheme
Item type Books
Holdings
Withdrawn status Lost status Source of classification or shelving scheme Damaged status Not for loan Collection code Permanent location Current location Shelving location Date acquired Total Checkouts Full call number Barcode Date last seen Price effective from Koha item type
          Koleksioni i përgjithshem UBT - Lipjan UBT - Lipjan Koleksioni i përgjithshem 10/15/2018   910 TOM 002-3014933 10/15/2018 10/15/2018 Books
UBT Library © 2015-2024. All rights reserved University Education for Business and Technology